[Event "Bucharest ROM GP"]
[Site "Bucharest"]
[Date "2025.05.11"]
[Round "10"]
[White "Ghimpu, Samuel Timotei"]
[Black "Baranciuc, Alexandr"]
[Result "1-0"]
[WhiteElo "2421"]
[BlackElo "2299"]
[PlyCount "77"]
[EventDate "2025.05.10"]
[EventType "swiss"]
[EventRounds "10"]
[EventCountry "ROU"]
[SourceTitle "CB20_2025"]
[SourceDate "2025.05.14"]
[SourceVersion "1"]
[SourceVersionDate "2025.05.14"]
[SourceQuality "1"]

1. Nf3 d5 2. d4 Nf6 3. Bf4 c5 4. e3 Nc6 5. Nbd2 cxd4 6. exd4 Bg4 7. c3 Bxf3 8. Nxf3 e6 9. Qb3 Qb6 10. Qxb6 axb6 11. Bb5 Nd7 12. h4 Be7 13. h5 h6 14. Ne5 Ndxe5 15. Bxe5 0-0 16. Bc7 Bd8 17. Bh2 Ra5 18. a4 Ra8 19. Kd2 Rc8 20. g4 Bc7 21. Bxc7 Rxc7 22. f4 Ne7 23. Rae1 Nc8 24. f5 exf5 25. gxf5 Nd6 26. Re5 Ne4+ 27. Kc2 Nf6 28. Be2 Re8 29. Bf3 Rce7 30. Rhe1 Kf8 31. Kb3 Rxe5 32. Rxe5 Ne4 33. Kb4 Rxe5 34. dxe5 Ng3 35. Kb5 Nxf5 36. Kxb6 d4 37. cxd4 Nxd4 38. Bxb7 g5 39. a5 1-0

[Event "Bucharest ROM GP"]
[Site "Bucharest"]
[Date "2025.05.10"]
[Round "4"]
[White "Baranciuc, Alexandr"]
[Black "Stoyanov, Tsvetan"]
[Result "0-1"]
[WhiteElo "2299"]
[BlackElo "2453"]
[PlyCount "72"]
[EventDate "2025.05.10"]
[EventType "swiss"]
[EventRounds "10"]
[EventCountry "ROU"]
[SourceTitle "CB20_2025"]
[SourceDate "2025.05.14"]
[SourceVersion "1"]
[SourceVersionDate "2025.05.14"]
[SourceQuality "1"]

1. d4 d5 2. Nc3 c6 3. Bf4 Nf6 4. e3 Bf5 5. f3 h5 6. Bd3 e6 7. Bxf5 exf5 8. Qd3 g6 9. 0-0-0 Nbd7 10. e4 fxe4 11. fxe4 dxe4 12. Nxe4 Qa5 13. Nxf6+ Nxf6 14. Qe3+ Be7 15. Be5 Ng4 16. Qb3 Nxe5 17. dxe5 Qxe5 18. Qxb7 Rb8 19. Qd7+ Kf8 20. Qd4 Qg5+ 21. Rd2 Bf6 22. Qxa7 Bxb2+ 23. Kd1 Kg7 24. Nf3 Qf4 25. Ke2 Qc4+ 26. Kf2 Ra8 27. Qd7 Rxa2 28. Rf1 Bc3 29. Re2 Qc5+ 30. Kg3 Ra7 31. Qd3 Ra3 32. Qd7 Bf6 33. h4 Qc4 34. Kf2 Rd8 35. Qh3 Qc5+ 36. Kg3 Be5+ 0-1

[Event "Wch U20 62nd"]
[Site "Petrovac"]
[Date "2025.03.03"]
[Round "7"]
[White "Baranciuc, Alexandr"]
[Black "Chen, Hongsen"]
[Result "1/2-1/2"]
[WhiteElo "2246"]
[BlackElo "2439"]
[PlyCount "63"]
[EventDate "2025.02.25"]
[EventType "swiss"]
[EventRounds "11"]
[EventCountry "MNE"]
[SourceTitle "CB11_2025"]
[SourceDate "2025.03.12"]
[SourceVersion "1"]
[SourceVersionDate "2025.03.12"]
[SourceQuality "1"]

1. e4 Nf6 2. e5 Nd5 3. d4 d6 4. c4 Nb6 5. exd6 cxd6 6. Nc3 g6 7. Be3 Bg7 8. Rc1 0-0 9. b3 Nc6 10. h3 e5 11. dxe5 dxe5 12. Nf3 Qe7 13. c5 Rd8 14. Nd2 Nd5 15. Nxd5 Rxd5 16. Bc4 Rd8 17. 0-0 Bf5 18. Qe2 Nd4 19. Bxd4 Rxd4 20. Nf3 Re4 21. Qd2 Rd8 22. Qa5 Rf4 23. Rfd1 Rc8 24. Qxa7 Rxf3 25. Bd5 Rd3 26. c6 Rxd5 27. cxb7 Rxd1+ 28. Rxd1 Bf8 29. b8Q Rxb8 30. Qxb8 Qa3 31. Rd8 Qc1+ 32. Kh2 1/2-1/2

[Event "Wch U20 62nd"]
[Site "Petrovac"]
[Date "2025.02.28"]
[Round "4"]
[White "Dau, Khuong Duy"]
[Black "Baranciuc, Alexandr"]
[Result "1/2-1/2"]
[WhiteElo "2411"]
[BlackElo "2246"]
[PlyCount "86"]
[EventDate "2025.02.25"]
[EventType "swiss"]
[EventRounds "11"]
[EventCountry "MNE"]
[SourceTitle "CB11_2025"]
[SourceDate "2025.03.12"]
[SourceVersion "1"]
[SourceVersionDate "2025.03.12"]
[SourceQuality "1"]

1. e4 e5 2. Nf3 Nc6 3. Bb5 g6 4. d4 exd4 5. c3 a6 6. Bxc6 dxc6 7. cxd4 Bg7 8. h3 Ne7 9. Nc3 h6 10. Be3 f5 11. Qb3 Qd6 12. exf5 gxf5 13. Ne5 Be6 14. Qc2 f4 15. Ne4 Qd5 16. Bxf4 0-0 17. Be3 Nf5 18. 0-0 Nxd4 19. Bxd4 Qxd4 20. Nf3 Qc4 21. Qxc4 Bxc4 22. Rfe1 Bd5 23. Re2 b6 24. Rc1 Rae8 25. Rce1 Bxe4 26. Rxe4 Rxe4 27. Rxe4 Bxb2 28. Re6 c5 29. Rxh6 Bf6 30. Rg6+ Kf7 31. Rg4 b5 32. Ng5+ Ke7 33. Nh7 Rf7 34. Re4+ Kd6 35. Nxf6 Rxf6 36. g4 Kd5 37. g5 Rg6 38. Rg4 c4 39. Kf1 Ke5 40. h4 Kf5 41. Rg3 b4 42. Ke2 a5 43. Kd2 Ke5 1/2-1/2

[Event "Titled Tuesday intern op 04th Feb Early"]
[Site "Chess.com INT"]
[Date "2025.02.04"]
[Round "3"]
[White "Baranciuc, Alexandr"]
[Black "Grandelius, Nils"]
[Result "0-1"]
[WhiteElo "2246"]
[BlackElo "2644"]
[PlyCount "58"]
[EventDate "2025.02.04"]
[EventType "swiss (blitz)"]
[EventRounds "11"]
[EventCountry "USA"]
[SourceTitle "CB07_2025"]
[SourceDate "2025.02.12"]
[SourceVersion "1"]
[SourceVersionDate "2025.02.12"]
[SourceQuality "1"]

1. d4 d5 2. Nc3 Bf5 3. Bf4 e6 4. e3 Bd6 5. Nf3 Bxf4 6. exf4 Ne7 7. Ne5 f6 8. Nd3 Nbc6 9. Ne2 Qd6 10. c3 0-0-0 11. Qd2 Ng6 12. g3 Be4 13. Rg1 e5 14. dxe5 fxe5 15. 0-0-0 Rhf8 16. Nxe5 Ncxe5 17. fxe5 Nxe5 18. Nd4 Kb8 19. f4 Ng4 20. Bh3 h5 21. Rge1 c5 22. Nc2 Bf3 23. Bg2 Bxd1 24. Rxd1 Nf6 25. Ne3 d4 26. cxd4 cxd4 27. Nf5 Qc5+ 28. Qc2 Rc8 29. Rd2 Qxf5 0-1

[Event "Titled Tuesday intern op 28th Jan Early"]
[Site "Chess.com INT"]
[Date "2025.01.28"]
[Round "1"]
[White "Baranciuc, Alexandr"]
[Black "Vargas Pereda, Jesus Manuel"]
[Result "1-0"]
[WhiteElo "2273"]
[BlackElo "1948"]
[PlyCount "81"]
[EventDate "2025.01.28"]
[EventType "swiss (blitz)"]
[EventRounds "11"]
[EventCountry "USA"]
[SourceTitle "CB06_2025"]
[SourceDate "2025.02.05"]
[SourceVersion "1"]
[SourceVersionDate "2025.02.05"]
[SourceQuality "1"]

1. d4 Nf6 2. Nc3 g6 3. e4 d5 4. e5 Ne4 5. Nxe4 dxe4 6. c3 c5 7. dxc5 Qxd1+ 8. Kxd1 Nc6 9. Bb5 Bg4+ 10. Kc2 Bd7 11. Bxc6 Bxc6 12. Ne2 Bg7 13. Bf4 0-0 14. Nd4 Bd5 15. Rad1 Bc4 16. b3 Bd3+ 17. Kb2 f6 18. exf6 Rxf6 19. Bg3 Raf8 20. f3 a6 21. Rhe1 Rf4 22. Bxf4 Rxf4 23. Ne6 Rh4 24. Nxg7 Kxg7 25. fxe4 Bb5 26. h3 Bc6 27. e5 a5 28. Re2 Rh5 29. b4 Rg5 30. g4 h5 31. Rg1 Kf7 32. Kb3 Ke6 33. a4 Bf3 34. Re3 hxg4 35. hxg4 Bxg4 36. bxa5 Kd5 37. Kb4 Kc6 38. Reg3 Rf5 39. Rxg4 e6 40. Rxg6 Rf4+ 41. c4 1-0

[Event "Titled Tuesday intern op 07th Jan Early"]
[Site "Chess.com INT"]
[Date "2025.01.07"]
[Round "3"]
[White "Al Busaidi, Hamood"]
[Black "Baranciuc, Alexandr"]
[Result "0-1"]
[WhiteElo "1906"]
[BlackElo "2273"]
[PlyCount "140"]
[EventDate "2025.01.07"]
[EventType "swiss (blitz)"]
[EventRounds "11"]
[EventCountry "USA"]
[SourceTitle "CB03_2025"]
[SourceDate "2025.01.15"]
[SourceVersion "1"]
[SourceVersionDate "2025.01.15"]
[SourceQuality "1"]

1. e4 e6 2. d4 d5 3. exd5 exd5 4. Bd3 Nf6 5. Nf3 c5 6. c3 c4 7. Bc2 Bd6 8. 0-0 0-0 9. h3 h6 10. Re1 Nc6 11. b3 b5 12. a4 cxb3 13. Bxb3 bxa4 14. Bxa4 Qc7 15. Na3 a6 16. Bd2 Na5 17. Ne5 Ne4 18. Nb1 Bxe5 19. dxe5 Nc4 20. Bf4 Be6 21. f3 Qc5+ 22. Qd4 g5 23. Bh2 Qxd4+ 24. cxd4 Ned2 25. Nxd2 Nxd2 26. Ra2 Nc4 27. Rea1 Rab8 28. f4 Rb4 29. Bd1 a5 30. Be2 Rc8 31. Rc1 a4 32. Bg3 Ne3 33. Rxc8+ Bxc8 34. fxg5 hxg5 35. Bf2 Nf5 36. Bg4 Be6 37. Bd1 Bd7 38. Bg4 Be6 39. Bd1 Rb1 40. Rd2 a3 41. Kh2 Ne7 42. Bg4 Bxg4 43. hxg4 Rb2 44. Be1 Nc6 45. Rd1 a2 46. Bc3 Rb1 47. Rd2 a1Q 48. Bxa1 Rxa1 49. Kg3 Ra4 50. Re2 Nxd4 51. Rb2 Ne6 52. Rb8+ Kg7 53. Rb5 d4 54. Rd5 Ra3+ 55. Kh2 Re3 56. Ra5 Re2 57. Kg1 Nf4 58. e6 Nxe6 59. Rd5 Re4 60. Kf2 Rxg4 61. Kf3 Rxg2 62. Re5 Ra2 63. Kg4 Kg6 64. Kg3 Ra3+ 65. Kg2 Re3 66. Ra5 d3 67. Ra6 f6 68. Rd6 Nf4+ 69. Kf2 Re2+ 70. Kf3 d2 0-1

[Event "Krakow op-A 35th"]
[Site "Krakow"]
[Date "2025.01.03"]
[Round "8"]
[White "Baranciuc, Alexandr"]
[Black "Demski, Michal"]
[Result "1/2-1/2"]
[WhiteElo "2273"]
[BlackElo "2167"]
[PlyCount "65"]
[EventDate "2024.12.27"]
[EventType "swiss"]
[EventRounds "9"]
[EventCountry "POL"]
[SourceTitle "CB02_2025"]
[SourceDate "2025.01.08"]
[SourceVersion "1"]
[SourceVersionDate "2025.01.08"]
[SourceQuality "1"]

1. c4 Nf6 2. Nf3 e6 3. g3 d5 4. d4 Bb4+ 5. Bd2 Be7 6. Bg2 0-0 7. 0-0 c6 8. Bc3 Nbd7 9. Nbd2 b6 10. a4 a5 11. Qc2 Bb7 12. Rfd1 Rc8 13. e4 dxe4 14. Nxe4 Nxe4 15. Qxe4 Nf6 16. Qc2 Qc7 17. b3 Rfd8 18. Ng5 h6 19. Ne4 Nxe4 20. Qxe4 Bf6 21. Qe1 c5 22. Bxb7 Qxb7 23. dxc5 Bxc3 24. Rxd8+ Rxd8 25. Qxc3 bxc5 26. Qxa5 Rd3 27. Qxc5 Rxb3 28. h4 Rb6 29. a5 Ra6 30. Rd1 Kh7 31. Rd8 Qb1+ 32. Kh2 Qe1 33. Qe3 1/2-1/2

[Event "Krakow op-A 35th"]
[Site "Krakow"]
[Date "2024.12.30"]
[Round "4"]
[White "Baranciuc, Alexandr"]
[Black "Cichon, Bartlomiej"]
[Result "1/2-1/2"]
[WhiteElo "2273"]
[BlackElo "2125"]
[PlyCount "89"]
[EventDate "2024.12.27"]
[EventType "swiss"]
[EventRounds "9"]
[EventCountry "POL"]
[SourceTitle "CB02_2025"]
[SourceDate "2025.01.08"]
[SourceVersion "1"]
[SourceVersionDate "2025.01.08"]
[SourceQuality "1"]

1. c4 c5 2. Nc3 g6 3. Nf3 Bg7 4. g3 Nc6 5. Bg2 d6 6. 0-0 e6 7. e3 Nge7 8. a3 0-0 9. Rb1 d5 10. cxd5 exd5 11. d3 h6 12. Qc2 a5 13. b3 g5 14. Bb2 Bf5 15. Na4 Bxb2 16. Nxb2 b6 17. Rbc1 Rc8 18. Qd2 Bg6 19. d4 cxd4 20. Nxd4 Qd6 21. Nb5 Qf6 22. Na4 Ne5 23. f4 Rxc1 24. Rxc1 gxf4 25. exf4 Nd3 26. Rf1 Nc5 27. Nxc5 bxc5 28. Qxa5 Bd3 29. Rd1 Bc2 30. Re1 Bxb3 31. Qc7 Nf5 32. Qxc5 Rd8 33. Bf1 d4 34. Bd3 Be6 35. Re5 Ne3 36. Nd6 Qe7 37. Ne4 Qxc5 38. Nxc5 Rc8 39. f5 Bd5 40. f6 Be6 41. Be2 Bc4 42. Bf3 Rb8 43. Bb7 Bd5 44. Nd7 Rxb7 45. Re8+ 1/2-1/2

[Event "Krakow op-A 35th"]
[Site "Krakow"]
[Date "2024.12.27"]
[Round "1"]
[White "Szczotka, Klara"]
[Black "Baranciuc, Alexandr"]
[Result "1/2-1/2"]
[WhiteElo "2137"]
[BlackElo "2273"]
[PlyCount "106"]
[EventDate "2024.12.27"]
[EventType "swiss"]
[EventRounds "9"]
[EventCountry "POL"]
[SourceTitle "CB02_2025"]
[SourceDate "2025.01.08"]
[SourceVersion "1"]
[SourceVersionDate "2025.01.08"]
[SourceQuality "1"]

1. d4 d5 2. c4 e6 3. Nc3 Nf6 4. cxd5 exd5 5. Bg5 c6 6. e3 Bd6 7. Bd3 0-0 8. Qc2 h6 9. Bh4 Re8 10. Nge2 Nbd7 11. h3 Nf8 12. 0-0 Be7 13. f3 Nh5 14. Bf2 Bh4 15. Qd2 Bxf2+ 16. Rxf2 Qg5 17. f4 Qe7 18. Rf3 Nf6 19. Raf1 Bd7 20. Bb1 Rac8 21. g4 h5 22. gxh5 Nxh5 23. Kh2 Qd6 24. Rg1 Qh6 25. Nc1 Re7 26. Nd3 Bf5 27. Ne5 Bxb1 28. Nxb1 Rce8 29. Nc3 Nd7 30. Qd3 Qh7 31. Qxh7+ Kxh7 32. Nd1 Nxe5 33. fxe5 f6 34. Rf5 g6 35. exf6 Rf7 36. Re5 Ref8 37. Nf2 Nxf6 38. Nd3 Ne4 39. Nf4 g5 40. Ne6 Rf2+ 41. Kh1 R8f3 42. Nxg5+ Nxg5 43. Rgxg5 Rxb2 44. Kg1 Rf6 45. a4 a5 46. e4 dxe4 47. Rxe4 Rg6 48. Rxg6 Kxg6 49. Re5 b5 50. d5 Kf6 51. Rh5 c5 52. d6 bxa4 53. Rd5 Rb8 1/2-1/2

[Event "Morshyn Saint Charbel Cup 2nd"]
[Site "Morshyn"]
[Date "2024.10.10"]
[Round "4"]
[White "Baranciuc, Alexandr"]
[Black "Pavlov, Sergey1"]
[Result "1/2-1/2"]
[WhiteElo "2338"]
[BlackElo "2451"]
[PlyCount "22"]
[EventDate "2024.10.08"]
[EventType "tourn"]
[EventRounds "9"]
[EventCountry "UKR"]
[EventCategory "6"]
[SourceTitle "CB43_2024"]
[Source "Chessbase"]
[SourceDate "2024.10.23"]
[SourceVersion "1"]
[SourceVersionDate "2024.10.23"]
[SourceQuality "1"]

1. d4 d5 2. Nf3 Nf6 3. c4 dxc4 4. e3 e6 5. Bxc4 c5 6. 0-0 Nc6 7. dxc5 Bxc5 8. Qxd8+ Kxd8 9. a3 Ke7 10. b4 Bd6 11. Bb2 Rd8 1/2-1/2

[Event "Morshyn Saint Charbel Cup Blitz 2nd"]
[Site "Morshyn"]
[Date "2024.10.07"]
[Round "4"]
[White "Baranciuc, Alexandr"]
[Black "Mosesov, Danylo"]
[Result "1-0"]
[WhiteElo "2338"]
[BlackElo "2453"]
[PlyCount "29"]
[EventDate "2024.10.07"]
[EventType "tourn (blitz)"]
[EventRounds "9"]
[EventCountry "UKR"]
[EventCategory "6"]
[SourceTitle "CB43_2024"]
[Source "Chessbase"]
[SourceDate "2024.10.23"]
[SourceVersion "1"]
[SourceVersionDate "2024.10.23"]
[SourceQuality "1"]

1. d4 Nf6 2. Nc3 d5 3. Bf4 a6 4. e3 b5 5. h4 h6 6. Nf3 e6 7. Ne5 c5 8. g4 Nfd7 9. Qf3 Nxe5 10. Bxe5 Nc6 11. 0-0-0 Nxe5 12. dxe5 Bb7 13. Bg2 Qc7 14. Qg3 0-0-0 15. f4 1-0

[Event "ROM-chT"]
[Site "Mamaia"]
[Date "2024.10.06"]
[Round "9.1"]
[White "Baranciuc, Alexandr"]
[Black "Theodorou, Nikolas"]
[Result "1/2-1/2"]
[WhiteElo "2333"]
[BlackElo "2619"]
[PlyCount "92"]
[EventDate "2024.09.28"]
[EventType "team-tourn"]
[EventRounds "9"]
[EventCountry "ROU"]
[SourceTitle "EXT 2025"]
[Source "ChessBase"]
[SourceDate "2024.10.14"]
[SourceVersion "1"]
[SourceVersionDate "2024.10.14"]
[SourceQuality "1"]
[WhiteTeam "Pioni Romanesti"]
[BlackTeam "Timisoara Vest Univ"]
[WhiteTeamCountry "ROU"]
[BlackTeamCountry "ROU"]

1. d4 Nf6 2. Nc3 d5 3. Bf4 g6 4. e3 Nh5 5. Be5 f6 6. Bg3 c6 7. Bd3 Be6 8. Nf3 Bf7 9. Qe2 Nd7 10. e4 Bh6 11. e5 fxe5 12. Nxe5 0-0 13. 0-0 Nf4 14. Bxf4 Bxf4 15. Nxd7 Qxd7 16. g3 Bh6 17. Nd1 Bg7 18. c3 b6 19. Ne3 e5 20. dxe5 Bxe5 21. c4 Bg7 22. cxd5 cxd5 23. Rad1 Qc7 24. Bb5 Rad8 25. b3 Kh8 26. Rc1 Qe7 27. Rfd1 d4 28. Nc2 Qf6 29. Nb4 a5 30. Nd3 g5 31. Re1 Bd5 32. Rc7 Qg6 33. Ne5 Qf5 34. Bd3 Qh3 35. Be4 Rde8 36. Bxd5 Bxe5 37. Qd2 Qh6 38. Rb7 Bg7 39. Rxe8 Rxe8 40. Bc4 Qc6 41. Ra7 h6 42. Bf1 Rf8 43. Re7 Qc5 44. Qe1 Qc6 45. Re6 Qc3 46. Qe2 Qc5 1/2-1/2

[Event "ROM-chT"]
[Site "Mamaia"]
[Date "2024.09.30"]
[Round "3.1"]
[White "Mendonca, Leon Luke"]
[Black "Baranciuc, Alexandr"]
[Result "1-0"]
[WhiteElo "2622"]
[BlackElo "2333"]
[PlyCount "75"]
[EventDate "2024.09.28"]
[EventType "team-tourn"]
[EventRounds "9"]
[EventCountry "ROU"]
[SourceTitle "EXT 2025"]
[Source "ChessBase"]
[SourceDate "2024.10.14"]
[SourceVersion "1"]
[SourceVersionDate "2024.10.14"]
[SourceQuality "1"]
[WhiteTeam "Arad Vados"]
[BlackTeam "Pioni Romanesti"]
[WhiteTeamCountry "ROU"]
[BlackTeamCountry "ROU"]

1. e4 e6 2. d4 d5 3. e5 c5 4. c3 Nc6 5. Nf3 Qb6 6. a3 c4 7. Nbd2 Na5 8. Rb1 Bd7 9. h4 0-0-0 10. Rh3 Kb8 11. h5 h6 12. b3 cxb3 13. Nxb3 Ba4 14. Nfd2 f6 15. Bd3 fxe5 16. dxe5 Ne7 17. Rh4 Bxb3 18. Nxb3 Nec6 19. Be3 Qc7 20. Ra4 Nc4 21. Bxc4 dxc4 22. Nd4 Bc5 23. Rxc4 Nxe5 24. Bf4 Ka8 25. Qe2 Rd5 26. Kf1 Qb8 27. Rxc5 Rxc5 28. Re1 Qe8 29. Bxe5 Rf8 30. Bd6 Rxh5 31. Kg1 Rg8 32. Nxe6 Qf7 33. Nc7+ Kb8 34. Ne6+ Ka8 35. c4 Rf5 36. Nc7+ Kb8 37. Nb5+ Kc8 38. Bg3 1-0

[Event "ROM-chT"]
[Site "Mamaia"]
[Date "2024.09.29"]
[Round "2.1"]
[White "Baranciuc, Alexandr"]
[Black "Lashkin, Jegor"]
[Result "0-1"]
[WhiteElo "2333"]
[BlackElo "2472"]
[PlyCount "126"]
[EventDate "2024.09.28"]
[EventType "team-tourn"]
[EventRounds "9"]
[EventCountry "ROU"]
[SourceTitle "EXT 2025"]
[Source "ChessBase"]
[SourceDate "2024.10.14"]
[SourceVersion "1"]
[SourceVersionDate "2024.10.14"]
[SourceQuality "1"]
[WhiteTeam "Pioni Romanesti"]
[BlackTeam "Buzau Phoenix"]
[WhiteTeamCountry "ROU"]
[BlackTeamCountry "ROU"]

1. d4 Nf6 2. c4 e6 3. Nf3 d5 4. g3 dxc4 5. Bg2 Nc6 6. 0-0 Rb8 7. e3 b5 8. b3 cxb3 9. axb3 Bb7 10. Ne5 Nxe5 11. dxe5 Nd7 12. Bb2 Bxg2 13. Kxg2 Bc5 14. Qc2 Qc8 15. Rd1 Qb7+ 16. Kg1 Be7 17. Nd2 0-0 18. Ne4 Rfd8 19. Bd4 c5 20. Bxc5 Qc6 21. Ra6 Qxa6 22. Bxe7 Rdc8 23. Qe2 Qc6 24. Rd4 Nxe5 25. Bd6 f6 26. Bxb8 Rxb8 27. f4 Nf7 28. Qd3 a5 29. Nc3 h5 30. Ne2 a4 31. bxa4 bxa4 32. Rc4 Qa6 33. Qc2 a3 34. Ra4 Qd6 35. Nd4 Nh6 36. Qa2 Rb2 37. Qxa3 Rb1+ 38. Kg2 Qd5+ 39. Kh3 e5 40. Ra8+ Kh7 41. Qd3+ e4 42. Qxb1 Qxa8 43. Qb5 Qc8+ 44. Kg2 h4 45. Qh5 hxg3 46. hxg3 Qg4 47. Qd5 f5 48. Qd8 Qd1 49. Qg5 Qd2+ 50. Kh3 Qc1 51. Kg2 Qc8 52. Kg1 Qd7 53. g4 fxg4 54. Qe5 g6 55. Qxe4 Nf5 56. Nxf5 gxf5 57. Qc2 Kg6 58. Qe2 Qc6 59. Kh2 Qe6 60. Kg3 Qe4 61. Kh2 Kh5 62. Kg3 Qh1 63. Qc4 Qg1# 0-1

[Event "EU-ch U18"]
[Site "Prague"]
[Date "2024.08.29"]
[Round "7"]
[White "Baranciuc, Alexandr"]
[Black "Loftgaard, Mikkel Vinh"]
[Result "1/2-1/2"]
[WhiteElo "2332"]
[BlackElo "2227"]
[PlyCount "56"]
[EventDate "2024.08.22"]
[EventType "swiss"]
[EventRounds "9"]
[EventCountry "CZE"]
[SourceTitle "CBM 221 Extra"]
[Source "ChessBase"]
[SourceDate "2024.09.30"]
[SourceVersion "1"]
[SourceVersionDate "2024.09.30"]
[SourceQuality "1"]

1. c4 e6 2. Nf3 Nf6 3. b3 d5 4. Bb2 Be7 5. g3 0-0 6. Bg2 c5 7. e3 Nc6 8. 0-0 b6 9. Nc3 Bb7 10. cxd5 exd5 11. d4 Ne4 12. dxc5 Nxc3 13. Bxc3 bxc5 14. Qd2 Qd7 15. Qb2 Qg4 16. h3 Qg6 17. Rfd1 Rfd8 18. Rac1 Bf8 19. Ne1 Ne7 20. Nd3 Qb6 21. Nf4 Rac8 22. b4 d4 23. exd4 cxd4 24. Rxd4 Rxd4 25. Bxd4 Rxc1+ 26. Qxc1 Qxd4 27. Bxb7 Qxb4 28. Bf3 Nf5 1/2-1/2

[Event "Arad op 17th"]
[Site "Arad"]
[Date "2024.08.06"]
[Round "2"]
[White "Baranciuc, Alexandr"]
[Black "Schitco, Ivan"]
[Result "1/2-1/2"]
[WhiteElo "2332"]
[BlackElo "2518"]
[PlyCount "34"]
[EventDate "2024.08.05"]
[EventType "swiss"]
[EventRounds "9"]
[EventCountry "ROU"]
[SourceTitle "CBM 221 Extra"]
[Source "ChessBase"]
[SourceDate "2024.09.30"]
[SourceVersion "1"]
[SourceVersionDate "2024.09.30"]
[SourceQuality "1"]

1. e4 c5 2. Nf3 d6 3. Bb5+ Bd7 4. Bxd7+ Nxd7 5. 0-0 Ngf6 6. Qe2 e6 7. b3 Be7 8. Bb2 0-0 9. c4 e5 10. Nc3 Ne8 11. d3 Nc7 12. Ne1 a6 13. Nc2 b5 14. Ne3 Bg5 15. Ncd5 Bxe3 16. Nxe3 Ne6 17. g3 bxc4 1/2-1/2

[Event "Kishinev Svetushkin Cup"]
[Site "Kishinev"]
[Date "2024.08.01"]
[Round "7"]
[White "Baranciuc, Alexandr"]
[Black "Ghimpu, Samuel Timotei"]
[Result "0-1"]
[WhiteElo "2332"]
[BlackElo "2452"]
[PlyCount "76"]
[EventDate "2024.07.28"]
[EventType "tourn"]
[EventRounds "9"]
[EventCountry "MDA"]
[EventCategory "9"]
[SourceTitle "CBM 221 Extra"]
[Source "ChessBase"]
[SourceDate "2024.09.30"]
[SourceVersion "1"]
[SourceVersionDate "2024.09.30"]
[SourceQuality "1"]

1. d4 Nf6 2. c4 d6 3. Nf3 g6 4. g3 Bg7 5. Bg2 Bf5 6. 0-0 0-0 7. b3 a5 8. Nc3 Ne4 9. Bb2 Nxc3 10. Bxc3 Be4 11. Qd2 c6 12. Rfd1 Nd7 13. Ne1 Bxg2 14. Kxg2 Nf6 15. f3 d5 16. cxd5 Nxd5 17. e4 Nxc3 18. Qxc3 Qb6 19. Rac1 Rad8 20. Nc2 Rd7 21. e5 Rfd8 22. Re1 e6 23. Re4 Rd5 24. Rce1 Bf8 25. R1e2 Qa6 26. h4 c5 27. dxc5 Rxc5 28. Qe1 Rdc8 29. Ne3 Rc1 30. Qf2 Qd3 31. Rc4 R8xc4 32. Nxc4 Qd1 33. Kh3 Qh1+ 34. Kg4 h5+ 35. Kf4 Rxc4+ 36. bxc4 Qc1+ 37. Re3 Bh6+ 38. Ke4 Qxc4# 0-1

[Event "Kishinev Svetushkin Cup"]
[Site "Kishinev"]
[Date "2024.08.01"]
[Round "6"]
[White "Schitco, Ivan"]
[Black "Baranciuc, Alexandr"]
[Result "1/2-1/2"]
[WhiteElo "2511"]
[BlackElo "2332"]
[PlyCount "112"]
[EventDate "2024.07.28"]
[EventType "tourn"]
[EventRounds "9"]
[EventCountry "MDA"]
[EventCategory "9"]
[SourceTitle "CBM 221 Extra"]
[Source "ChessBase"]
[SourceDate "2024.09.30"]
[SourceVersion "1"]
[SourceVersionDate "2024.09.30"]
[SourceQuality "1"]

1. c4 e5 2. Nc3 Nf6 3. Nf3 Nc6 4. d4 exd4 5. Nxd4 Bb4 6. g3 Bxc3+ 7. bxc3 Na5 8. Qd3 0-0 9. Nb3 Nc6 10. Bg2 d6 11. c5 Be6 12. cxd6 Qxd6 13. Qxd6 cxd6 14. Ba3 Rfd8 15. Rd1 Ne8 16. f4 Rac8 17. Kf2 b6 18. Bb2 a5 19. h3 a4 20. Nd4 Na5 21. Nxe6 fxe6 22. Rd4 Nc4 23. Rb1 Rc5 24. Bc1 d5 25. e4 Nf6 26. e5 Nd7 27. Bf1 Rdc8 28. h4 b5 29. h5 Ndb6 30. Bd3 h6 31. Ke2 a3 32. Rb3 Na4 33. Bxa3 Nxa3 34. Rxa3 Rxc3 35. Rxc3 Rxc3 36. Bxb5 Nc5 37. a4 Rxg3 38. Rb4 Kf7 39. Kd2 g6 40. Be2 gxh5 41. Bxh5+ Ke7 42. Be2 Ra3 43. Bd1 Kd7 44. Bc2 h5 45. f5 exf5 46. Bxf5+ Kc6 47. Bc2 Rg3 48. Rf4 Ne4+ 49. Bxe4 dxe4 50. Rxe4 Kd5 51. Re1 Ke6 52. Ra1 Kxe5 53. a5 Rg7 54. Kc3 Kd6 55. a6 Ra7 56. Kb4 Kc7 1/2-1/2

[Event "Kishinev Svetushkin Cup"]
[Site "Kishinev"]
[Date "2024.07.30"]
[Round "4"]
[White "Baranciuc, Alexandr"]
[Black "Baltag, Iulian"]
[Result "1/2-1/2"]
[WhiteElo "2332"]
[BlackElo "2396"]
[PlyCount "60"]
[EventDate "2024.07.28"]
[EventType "tourn"]
[EventRounds "9"]
[EventCountry "MDA"]
[EventCategory "9"]
[SourceTitle "CBM 221 Extra"]
[Source "ChessBase"]
[SourceDate "2024.09.30"]
[SourceVersion "1"]
[SourceVersionDate "2024.09.30"]
[SourceQuality "1"]

1. e4 e6 2. d4 d5 3. Nc3 Bb4 4. e5 Qd7 5. h4 b6 6. Qg4 f5 7. Qg3 Ba6 8. Bxa6 Nxa6 9. Nh3 0-0-0 10. 0-0 Bxc3 11. Qxc3 Kb7 12. b4 c6 13. a4 Nc7 14. Qd3 Ne7 15. Bd2 h6 16. Rfb1 a6 17. Qe2 Ra8 18. Ra3 Rhg8 19. Rd1 Qe8 20. f4 Ng6 21. g3 Nf8 22. Kh2 Nd7 23. Rg1 Qe7 24. Rb3 b5 25. a5 g6 26. Rf3 h5 27. c3 Rae8 28. Rff1 Rc8 29. Rh1 Rce8 30. Be1 Rc8 1/2-1/2

[Event "Cluj GP Rapid"]
[Site "Cluj"]
[Date "2024.06.14"]
[Round "6"]
[White "Osvath, Zoltan"]
[Black "Baranciuc, Alexandr"]
[Result "0-1"]
[WhiteElo "1829"]
[BlackElo "2332"]
[PlyCount "62"]
[EventDate "2024.06.13"]
[EventType "swiss (rapid)"]
[EventRounds "10"]
[EventCountry "ROU"]
[SourceTitle "CBM 220 Extra"]
[Source "ChessBase"]
[SourceDate "2024.07.31"]
[SourceVersion "1"]
[SourceVersionDate "2024.07.31"]
[SourceQuality "1"]

1. d4 d5 2. c4 e6 3. Nc3 Nf6 4. Bg5 dxc4 5. e3 a6 6. Bxc4 b5 7. Be2 Bb7 8. Bf3 Bxf3 9. Nxf3 Be7 10. 0-0 0-0 11. Ne5 c5 12. Qf3 Ra7 13. Rfd1 c4 14. d5 Qc7 15. Bf4 Bd6 16. Nc6 Nxc6 17. Bxd6 Qxd6 18. dxc6 Qc5 19. Rd4 Rc7 20. Rad1 Qxc6 21. Qg3 Rd7 22. h4 Rxd4 23. Rxd4 h6 24. Ne2 Rc8 25. Rd6 Qb7 26. Nd4 Ne4 27. Qf4 Nxd6 28. Qxd6 b4 29. f4 c3 30. bxc3 bxc3 31. f5 c2 0-1